00910pam a2200265 a 4500008004100000020002200041049000900063090001400072245009400086250001200180260004600192300004700238500002000285504004100305650002300346650001400369700001800383907003500401003000100436005001700437040000900454942002100463999001900484952014100503  a0198527896 (hbk.) aMAIN aRC46bOXF00aOxford textbook of medicinenvol. 3: sections 18-33 /cedited by D.A. Warrell... [et al.] a4th ed. aOxford :bOxford University Press,c2003. axliv,1504 p. :bill. (some col.) ;c29 cm. aIncludes index. aIncludes bibliographical references. 0aInternal medicine. 2aMedicine.1 aWarrell, D.A. a.b10330586b22-01-15c13-05-1320230120204142.0 cNUST cBOOKSkRC46mOXF c118079d118079 r2023-01-20 00:00:00l0oRC46 OXFp92004040363v80.00w2023-01-20yBOOKS102LCC40708NFIC00aMEDICALbMEDICALcGENd2023-01-20g80.00